Living thoughts presented by Julien Benda (Record no. 116657)

MARC details
000 -LEADER
fixed length control field 00631nam a2200229Ia 4500
003 - CONTROL NUMBER IDENTIFIER
control field OSt
005 - DATE AND TIME OF LATEST TRANSACTION
control field 20220918111518.0
008 - FIXED-LENGTH DATA ELEMENTS--GENERAL INFORMATION
fixed length control field 220917b |||||||| |||| 00| 0 eng d
037 ## - SOURCE OF ACQUISITION
Terms of availability Digitized Books
040 ## - CATALOGING SOURCE
Original cataloging agency ARTS
Transcribing agency ARTS
Language of cataloging eng
041 ## - LANGUAGE CODE
Source of code eng
Language code of text/sound track or separate title eng
100 ## - MAIN ENTRY--PERSONAL NAME
Personal name Kant Immanuel
9 (RLIN) 10597
245 #0 - TITLE STATEMENT
Title Living thoughts presented by Julien Benda
260 ## - PUBLICATION, DISTRIBUTION, ETC.
Place of publication, distribution, etc. London
Name of publisher, distributor, etc. Cassell
Date of publication, distribution, etc. 1942
300 ## - PHYSICAL DESCRIPTION
Extent 154p.
Dimensions cm.
942 ## - ADDED ENTRY ELEMENTS (KOHA)
Classification part "R3xL24:g, H2"
Koha item type eBooks
Source of classification or shelving scheme Colon Classification (CC)
Holdings
Withdrawn status Lost status Damaged status Not for loan Home library Current library Date acquired Total Checkouts Full call number Barcode Date last seen Price effective from Koha item type
        Arts Library Arts Library 2022-09-18   "R3xL24:g H2" AL1068328 2022-09-18 2022-09-18 eBooks
Copyright @ Delhi University Library System